[Event "Elitzur Int Online"]
[Site "Chess.com INT"]
[Date "2020.11.01"]
[Round "3"]
[White "Gusak, Viktor"]
[Black "Kuzubov, Yuriy"]
[Result "0-1"]
[WhiteElo "1485"]
[BlackElo "2641"]
[PlyCount "60"]
[EventDate "2020.11.01"]
[EventType "swiss (blitz)"]
[EventRounds "11"]
[EventCountry "ISR"]
[SourceTitle "CBM 199 Extra"]
[Source "ChessBase"]
[SourceDate "2021.01.31"]
[SourceVersion "1"]
[SourceVersionDate "2021.01.31"]
[SourceQuality "1"]

1. e4 c5 2. Nf3 d6 3. Bb5+ Nc6 4. 0-0 Bd7 5. Bxc6 Bxc6 6. Re1 Nf6 7. d3 g6 8. Bg5 Bg7 9. Nc3 0-0 10. e5 dxe5 11. Nxe5 Rc8 12. Bxf6 exf6 13. Nxc6 Rxc6 14. Ne4 f5 15. Nc3 c4 16. Rc1 Rd6 17. Qf3 cxd3 18. cxd3 Qd7 19. Rcd1 Rd8 20. Re3 b5 21. a3 a5 22. b4 Bxc3 23. bxa5 Bxa5 24. Qg3 Bb6 25. Rf3 Re6 26. Qh4 Qd5 27. h3 Rde8 28. Kh2 Bc7+ 29. g3 Qxf3 30. Rh1 Qxf2# 0-1